La contabilidad en la administración de empresas (Record no. 24187)

MARC details
000 -LEADER
campo de control de longitud fija 00777nam a2200217 i 4500
001 - NÚMERO DE CONTROL
campo de control 24187
003 - IDENTIFICADOR DE NÚMERO DE CONTROL
campo de control ES-MaACL
005 - FECHA Y HORA DE LA ÚLTIMA TRANSACCIÓN
campo de control 20230906153014.0
007 - CAMPO FIJO DE DESCRIPCIÓN FÍSICA--INFORMACIÓN GENERAL
campo de control de longitud fija t|
008 - DATOS DE LONGITUD FIJA--INFORMACIÓN GENERAL
campo de control de longitud fija 021216s1978 mx ||||1| spa d
100 1# - ENTRADA PRINCIPAL--NOMBRE DE PERSONA
Nombre de persona Anthony, Robert N.
9 (RLIN) 21891
245 13 - MENCIÓN DEL TÍTULO
Título La contabilidad en la administración de empresas
Resto del título : textos y casos /
Mención de responsabilidad, etc. Robert N. Anthony ; traducción... de la edición... en inglés por Manuel Fagoaga C.
250 ## - MENCION DE EDICION
Mención de edición 1ª ed., 9ª reimp.
260 ## - PUBLICACIÓN, DISTRIBUCIÓN, ETC.
Lugar de publicación, distribución, etc. México, etc. :
Nombre del editor, distribuidor, etc. Uteha,
Fecha de publicación, distribución, etc. [1978]
300 ## - DESCRIPCIÓN FÍSICA
Extensión XX, 721 p. :
Otras características físicas il. ;
Dimensiones 22 cm.
490 1# - MENCIÓN DE SERIE
Mención de serie Biblioteca de altos estudios comerciales
700 1# - ENTRADA AGREGADA--NOMBRE PERSONAL
Nombre de persona Fagoaga C., Manuel.
9 (RLIN) 48628
830 0# - PUNTO DE ACCESO ADICIONAL DE SERIE-TÍTULO UNIFORME
Título uniforme Biblioteca de altos estudios comerciales
9 (RLIN) 185695
852 ## - LOCALIZACIÓN
Ubicación ES-MaACL
Número de control de estantería L-171
Sublocalización o colección R.100638
Holdings
Estatus retirado Estado de pérdida Estado de daño No para préstamo Biblioteca de origen Biblioteca actual Ubicación en estantería Fecha de adquisición Fuente de adquisición Total de préstamos Signatura topográfica completa Código de barras Visto por última vez Precio de reemplazo Tipo de ítem Koha
        Biblioteca del Ateneo de Madrid Biblioteca del Ateneo de Madrid Depósito 2 17/01/2008     L-171 1024936 23/02/2023 23/02/2023 Libro impreso